000
00225nam a22000977a 4500
082
_a
823
_b
AGA/T
100
_a
AGARWAL,DEEPA
245
_a
THERE IS ANOTHER WAY
246
_a
THERE IS ANOTHER WAY
_b
THERE IS ANOTHER WAY
942
_c
BK
999
_c
8365
_d
8365